• 首页
  • 本馆介绍
  • 公告通知
  • 最新文献
  • 馆藏检索
  • 电子资源
  • 读者导购
  • 参考咨询
  • 我的图书馆
  • 登录
  • 详细信息显示
  • 放入我的书架
  • 预约/预借图书
  • 作者相关作品
  • 分类相关作品
  • 丛书相关作品
  • 出版社相关作品

书目信息

  • 表格格式
  • 工作单格式
  • 卡片格式
题名:
TMS320F281x DSP原理及应用实例
    
 
作者: 万山明 编著
分册:  
出版信息: 北京   北京航空航天大学出版社  2007
页数: 289页
开本: 23cm
丛书名:
单 册:
中图分类: TN911.72 , TP332
科图分类:
主题词: 数字信号--信号处理 , 数字信号--微处理器 , 数字信号 , 信号处理 , 微处理器
电子资源:
ISBN: 978-7-81077-980-7
000 01008nam0 2200301 450
001 003556732
005 20080303093016.76
010    @a978-7-81077-980-7@dCNY29.00
035    @a003556732
100    @a20070104d2007 em y0chiy0110 ea
101 0  @achi
102    @aCN@b110000
105    @ay z 000yy
106    @ar
200 1  @aTMS320F281x DSP原理及应用实例@ATMS320F281x DSP yuan li ji ying yong shi li@f万山明编著
210    @a北京@c北京航空航天大学出版社@d2007
215    @a289页@d23cm
330    @a本书介绍了TMS320F2812/2810硬件概况、TMS320F281x内部资源、TMS320F281x程序编写和调试环境,还介绍了TMS320F281x在工程上的两个应用实例。书中所有源程序全部来自于实际产品,或者已在实验目标板上调试通过。
606 0  @a数字信号@x信号处理
606 0  @a数字信号@x微处理器
606 0  @a数字信号
606 0  @a信号处理
606 0  @a微处理器
690    @aTN911.72@v4
690    @aTP332@v4
701  0 @a万山明@Awan shan ming@f(1970~)@4编著
801  0 @aCN@bNLC@c20080303
905    @dTN911.72@e122@f4
    
    TMS320F281x DSP原理及应用实例/万山明编著.-北京:北京航空航天大学出版社,2007
    289页;23cm
    
    
    ISBN 978-7-81077-980-7:CNY29.00
    本书介绍了TMS320F2812/2810硬件概况、TMS320F281x内部资源、TMS320F281x程序编写和调试环境,还介绍了TMS320F281x在工程上的两个应用实例。书中所有源程序全部来自于实际产品,或者已在实验目标板上调试通过。
●
相关链接 在E读中查询图书 在五车中查询图书 在当当中查询图书 在豆瓣中查询图书


正题名:TMS320F281x DSP原理及应用实例     索取号:TN911.72/122         预约/预借

序号 登录号 条形码 馆藏地/架位号 状态 备注
1 0793074   207930747   第二样本阅览室/ [索取号:TN911.72/122] 在馆    
2 0793075   207930756   第三借阅区/ [索取号:TN911.72/122] 在馆    
3 0793076   207930765   第三借阅区/ [索取号:TN911.72/122] 在馆    
4 0793077   207930774   第三借阅区/ [索取号:TN911.72/122] 在馆    
唐山师范学院图书馆 欢迎您!
大连网信软件有限公司© 版权所有